[Event "MPN 2025"]
[Site "?"]
[Date "2025.03.16"]
[Round "6"]
[White "Krupa, Jerzy"]
[Black "Seifert, Henryk"]
[Result "0-1"]
[WhiteElo "1888"]
[BlackElo "2055"]
[PlyCount "128"]
[SourceVersionDate "2025.03.17"]

1. Nf3 d5 2. g3 Nf6 3. Bg2 Bf5 4. O-O e6 5. c4 c6 6. cxd5 exd5 7. d3 Be7 8. Qc2 O-O 9. Nh4 Be6 10. e4 Na6 11. a3 dxe4 12. dxe4 Nc5 13. Nd2 Qd3 14. Qxd3 Nxd3 15. b4 Rfd8 16. Nhf3 a5 17. bxa5 Rxa5 18. Rb1 b5 19. e5 Ng4 20. h3 Ngxe5 21. Nxe5 Nxe5 22. Nb3 Ra6 23. Be3 Bc4 24. Rfc1 Bxa3 25. Rc3 Bb4 26. Nc5 Bxc3 27. Nxa6 b4 28. Nc5 Ba2 29. Rc1 Nc4 30. Bf4 Bd4 31. Nb7 Rc8 32. Rd1 c5 33. Bd5 Nb2 34. Rxd4 cxd4 35. Bxa2 Ra8 36. Bd5 Ra1+ 37. Kg2 Nd3 38. Nd6 Nxf4+ 39. gxf4 Ra7 40. Bb3 Ra3 41. Bxf7+ Kf8 42. Bc4 Rc3 43. Bd5 Rc5 44. Bb3 d3 45. Ne4 Rc1 46. Kf3 Rh1 47. Ke3 Rxh3+ 48. f3 Ke7 49. Nf2 Rh6 50. Nxd3 Rb6 51. Kd4 h5 52. f5 h4 53. Nf4 Rh6 54. Nd5+ Kd6 55. Nxb4 h3 56. f4 Rh5 57. Bd5 Rxf5 58. Be4 Rxf4 59. Nd3 Rf1 60. Ke3 h2 61. Nf2 g5 62. Ke2 Rg1 63. Kf3 h1=Q+ 64. Nxh1 Rxh1 0-1

[Event "MPN 2025"]
[Site "?"]
[Date "2025.03.17"]
[Round "7"]
[White "Jasnikowski, Zbigniew"]
[Black "Krogulski, Maksymilian"]
[Result "1-0"]
[WhiteElo "2253"]
[BlackElo "1887"]
[PlyCount "77"]
[SourceVersionDate "2025.03.17"]

1. d4 d5 2. c4 c6 3. Nf3 e6 4. Qc2 Nf6 5. g3 Bb4+ 6. Bd2 Bxd2+ 7. Nbxd2 O-O 8. Bg2 Nbd7 9. O-O b6 10. e4 dxe4 11. Nxe4 Nxe4 12. Qxe4 Bb7 13. Rfd1 Qc7 14. Ne5 Nxe5 15. dxe5 Rfd8 16. b4 Rxd1+ 17. Rxd1 Rd8 18. Rxd8+ Qxd8 19. h4 g6 20. b5 cxb5 21. Qxb7 bxc4 22. Qa8 Qxa8 23. Bxa8 c3 24. Be4 b5 25. Kf1 Kf8 26. Ke2 Ke7 27. Kd3 b4 28. Kc4 a5 29. Kb5 f5 30. exf6+ Kxf6 31. Kxa5 Ke5 32. Bc2 Kd4 33. Kxb4 e5 34. a4 e4 35. a5 h6 36. a6 g5 37. a7 gxh4 38. a8=Q hxg3 39. Qxe4# 1-0

[Event "MPN 2025"]
[Site "?"]
[Date "2025.03.17"]
[Round "7"]
[White "Mannke, Manfred"]
[Black "Mierzynski, Jaroslaw"]
[Result "1/2-1/2"]
[WhiteElo "2030"]
[BlackElo "1932"]
[PlyCount "73"]
[SourceVersionDate "2025.03.17"]

1. d4 e6 2. c4 d5 3. Nc3 a6 4. e4 dxe4 5. Nxe4 Nf6 6. Nxf6+ Qxf6 7. Nf3 h6 8. Bd3 Bb4+ 9. Bd2 Bxd2+ 10. Qxd2 O-O 11. O-O Rd8 12. Rad1 Nd7 13. b3 Nf8 14. Qe3 Ng6 15. Rfe1 Bd7 16. Be4 Rab8 17. g3 Ne7 18. Ne5 Bc6 19. Bxc6 Nxc6 20. Nxc6 bxc6 21. Qe5 Rd6 22. Qa5 Qd8 23. c5 Rb5 24. Qxb5 axb5 25. cxd6 cxd6 26. Rc1 Qb6 27. Rc2 Qxd4 28. Rxc6 Qd2 29. Rec1 d5 30. a4 bxa4 31. bxa4 Qa2 32. Ra6 Qb2 33. Rc8+ Kh7 34. Rc7 Qb1+ 35. Kg2 Qe4+ 36. Kg1 Qe1+ 37. Kg2 1/2-1/2

[Event "MPN 2025"]
[Site "?"]
[Date "2025.03.17"]
[Round "7"]
[White "Czerwonski, Aleksander"]
[Black "Dukaczewski, Piotr"]
[Result "1/2-1/2"]
[WhiteElo "2293"]
[BlackElo "2156"]
[PlyCount "78"]
[SourceVersionDate "2025.03.17"]

1. d4 d5 2. c4 dxc4 3. e4 Nc6 4. d5 Ne5 5. Bxc4 Nxc4 6. Qa4+ c6 7. Qxc4 cxd5 8. exd5 Nf6 9. Nc3 g6 10. Bg5 Bg7 11. Nf3 O-O 12. Rd1 h6 13. Bh4 Qb6 14. O-O g5 15. Bg3 Bg4 16. Rfe1 Bxf3 17. gxf3 Rac8 18. Qe2 Rfe8 19. f4 g4 20. f5 Qb4 21. Be5 h5 22. a3 Qb3 23. Rd3 Nh7 24. Ne4 Qb6 25. Bxg7 Kxg7 26. Ng3 Kh8 27. Qe5+ Qf6 28. Nxh5 Qxe5 29. Rxe5 Ng5 30. Kg2 Nf3 31. Re4 Rc1 32. Kg3 Rg1+ 33. Kf4 f6 34. d6 Ne5 35. Rg3 Rf1 36. Ke3 Re1+ 37. Kf4 Rf1 38. Ke3 Re1+ 39. Kf4 Rf1 1/2-1/2

[Event "MPN 2025"]
[Site "?"]
[Date "2025.03.17"]
[Round "7"]
[White "Seifert, Henryk"]
[Black "Dzieczkaniec, Piotr"]
[Result "1-0"]
[WhiteElo "2055"]
[BlackElo "2008"]
[PlyCount "75"]
[SourceVersionDate "2025.03.17"]

1. e4 c6 2. d4 d5 3. exd5 cxd5 4. Bd3 Nc6 5. c3 g6 6. Nf3 Bg7 7. O-O Nf6 8. Re1 O-O 9. Bf4 Nh5 10. Be3 Nf6 11. Nbd2 Qb6 12. Qb3 Qxb3 13. axb3 h6 14. b4 Ng4 15. b5 Nb8 16. Bf4 Be6 17. h3 Nf6 18. Bxb8 Rfxb8 19. Bxg6 a5 20. Bd3 b6 21. Ne5 Re8 22. g4 h5 23. g5 Nd7 24. Nc6 Nb8 25. Nxb8 Raxb8 26. Re3 Bd7 27. Rae1 Bf8 28. f4 a4 29. f5 Ra8 30. Nf3 Ra5 31. f6 Bxb5 32. Bc2 e6 33. g6 Bh6 34. Ne5 Bxe3+ 35. Rxe3 Rc8 36. gxf7+ Kh8 37. Ng6+ Kh7 38. Ne7+ 1-0

[Event "MPN 2025"]
[Site "?"]
[Date "2025.03.17"]
[Round "7"]
[White "Racis, Michal"]
[Black "Kasperczyk, Szymon"]
[Result "1-0"]
[WhiteElo "2066"]
[BlackElo "1947"]
[PlyCount "130"]
[SourceVersionDate "2025.03.17"]

1. d4 Nf6 2. c4 g6 3. g3 c6 4. d5 cxd5 5. cxd5 d6 6. Bg2 Bg7 7. Nc3 O-O 8. Nf3 Na6 9. O-O Nc5 10. Nd4 Qb6 11. e4 Ncxe4 12. Nxe4 Nxe4 13. Be3 Nc5 14. Rb1 Qd8 15. b4 Nd7 16. Qc2 Ne5 17. h3 Bd7 18. Rfc1 b5 19. Qc7 Nc4 20. Qxd8 Raxd8 21. Nc6 Bxc6 22. dxc6 a6 23. Bd5 Rc8 24. Bxc4 bxc4 25. Rxc4 d5 26. Rcc1 d4 27. Bd2 Rfd8 28. a4 Rd6 29. b5 axb5 30. axb5 d3 31. b6 Rdxc6 32. Rxc6 Rxc6 33. b7 Be5 34. Bf4 d2 35. b8=Q+ Bxb8 36. Rxb8+ Kg7 37. Bxd2 f6 38. Rb7 Re6 39. Bb4 Kf7 40. h4 Re4 41. Kg2 Re2 42. Kf3 Re5 43. g4 h6 44. Kg3 Re4 45. g5 fxg5 46. hxg5 hxg5 47. f3 Re2 48. Ba3 Re1 49. Rc7 Kf6 50. Kf2 Re6 51. Bb2+ Kf7 52. Bc1 Re5 53. Kg3 Re1 54. Bxg5 Rg1+ 55. Kf4 Re1 56. Bh4 Re2 57. Kg5 Rg2+ 58. Kh6 Re2 59. Rxe7+ Rxe7 60. Bxe7 Kxe7 61. Kxg6 Kf8 62. Kf6 Kg8 63. f4 Kf8 64. f5 Kg8 65. Ke7 Kg7 1-0

[Event "MPN 2025"]
[Site "?"]
[Date "2025.03.18"]
[Round "8"]
[White "Siewert, Roman"]
[Black "Mannke, Manfred"]
[Result "0-1"]
[WhiteElo "1868"]
[BlackElo "2030"]
[PlyCount "72"]
[SourceVersionDate "2025.03.18"]

1. e4 c5 2. Nf3 e6 3. d3 Nc6 4. g3 Nge7 5. Bg2 d5 6. Nbd2 g6 7. O-O Bg7 8. Re1 b6 9. Qe2 a5 10. exd5 Nxd5 11. Nc4 Ra7 12. Nce5 Nxe5 13. Nxe5 Rc7 14. h4 h6 15. h5 g5 16. Bd2 O-O 17. a3 Bb7 18. c4 Ne7 19. Bxb7 Rxb7 20. Bc3 Nf5 21. Qe4 Rc7 22. b4 a4 23. b5 Qd6 24. Red1 Nd4 25. Bxd4 cxd4 26. Re1 Re8 27. Nc6 f5 28. Qf3 g4 29. Qd1 Bf6 30. Qxa4 f4 31. gxf4 Qxf4 32. Re4 Qf5 33. Qd1 Rg7 34. Qe2 g3 35. f3 Qxh5 36. Rxe6 Qh2+ 0-1

[Event "MPN 2025"]
[Site "?"]
[Date "2025.03.18"]
[Round "8"]
[White "Madrawski, Krzysztof"]
[Black "Chojnowski, Marcin"]
[Result "1-0"]
[WhiteElo "2054"]
[BlackElo "1941"]
[PlyCount "65"]
[SourceVersionDate "2025.03.18"]

1. e4 c5 2. Nc3 Nc6 3. f4 Nf6 4. e5 Ng8 5. Bc4 Nh6 6. Nf3 e6 7. d3 d5 8. exd6 Bxd6 9. Ne4 a6 10. c3 O-O 11. O-O Be7 12. Be3 b6 13. Qe2 Na5 14. a4 Bb7 15. Ba2 Qc7 16. Neg5 Ng4 17. Nxe6 Qc6 18. Nxf8 Rxf8 19. Ne5 Nxe5 20. fxe5 b5 21. axb5 Qxb5 22. Rad1 Nc6 23. Bc1 Qb6 24. Kh1 a5 25. Bc4 Nd8 26. d4 cxd4 27. cxd4 Ne6 28. d5 Nd4 29. Qf2 Bc5 30. Be3 Ne6 31. Bxc5 Nxc5 32. e6 f6 33. d6 1-0

[Event "MPN 2025"]
[Site "?"]
[Date "2025.03.18"]
[Round "8"]
[White "Jasnikowski, Zbigniew"]
[Black "Czerwonski, Aleksander"]
[Result "1-0"]
[WhiteElo "2253"]
[BlackElo "2293"]
[PlyCount "51"]
[SourceVersionDate "2025.03.18"]

1. d4 Nf6 2. Nf3 g6 3. c4 Bg7 4. Nc3 d5 5. cxd5 Nxd5 6. g3 c5 7. Bg2 Nc6 8. Nxd5 Qxd5 9. e3 cxd4 10. O-O Bg4 11. exd4 Rd8 12. h3 Bxf3 13. Bxf3 Qxd4 14. Qc2 O-O 15. Be3 Qd7 16. Bxc6 bxc6 17. Kh2 Rb8 18. Rad1 Qe6 19. b3 Rb5 20. Bc5 Re8 21. Rfe1 Qf6 22. Rd7 a5 23. Rexe7 Rbb8 24. Rxf7 Qxf7 25. Rxf7 Kxf7 26. Qc4+ 1-0

[Event "MPN 2025"]
[Site "?"]
[Date "2025.03.18"]
[Round "8"]
[White "Racis, Michal"]
[Black "Jurkiewicz, Krzysztof"]
[Result "1-0"]
[WhiteElo "2066"]
[BlackElo "1937"]
[PlyCount "103"]
[SourceVersionDate "2025.03.18"]

1. d4 d5 2. c4 c6 3. Nf3 Nf6 4. Qc2 a6 5. Bf4 g6 6. e3 Bg7 7. Nc3 O-O 8. h3 e6 9. Be2 Nbd7 10. O-O Re8 11. Rfd1 dxc4 12. Bxc4 Nd5 13. Bh2 b5 14. Bf1 Nxc3 15. bxc3 Bb7 16. e4 c5 17. dxc5 Qc8 18. Bd6 Nxc5 19. e5 Ne4 20. Rac1 Bh6 21. Ra1 Qxc3 22. Qe2 Red8 23. a4 b4 24. a5 Nxd6 25. exd6 Rxd6 26. Rxd6 Qxa1 27. Ne5 Bf4 28. Nxf7 Bd5 29. Rxd5 exd5 30. Qe6 Kg7 31. Qd7 Kf8 32. g3 Qf6 33. Qxd5 Rc8 34. Bc4 Rxc4 35. Qxc4 Qxf7 36. Qxb4+ Ke8 37. Qxf4 Qxf4 38. gxf4 Kd7 39. Kg2 Kc6 40. Kg3 Kb5 41. f5 gxf5 42. Kf4 Kxa5 43. Kxf5 Kb5 44. f4 a5 45. Ke6 a4 46. f5 a3 47. f6 a2 48. f7 a1=Q 49. f8=Q Qa2+ 50. Kf6 Qf2+ 51. Kg7 Qg3+ 52. Kxh7 1-0

[Event "MPN 2025"]
[Site "?"]
[Date "2025.03.18"]
[Round "8"]
[White "Dzieczkaniec, Piotr"]
[Black "Stachanczyk, Jacek"]
[Result "0-1"]
[WhiteElo "2008"]
[BlackElo "2129"]
[PlyCount "164"]
[SourceVersionDate "2025.03.19"]

1. e4 c5 2. Nc3 Nc6 3. g3 g6 4. Bg2 Bg7 5. Nge2 d6 6. O-O e6 7. d3 Nge7 8. f4 O-O 9. g4 f5 10. Ng3 Nd4 11. exf5 gxf5 12. Nh5 fxg4 13. Nxg7 Kxg7 14. Ne4 Ng6 15. c3 Nf5 16. Qxg4 Qe7 17. Bd2 d5 18. Ng3 Qh4 19. Nxf5+ Rxf5 20. Qxh4 Nxh4 21. Bh3 Rf6 22. Kh1 Bd7 23. d4 cxd4 24. cxd4 Rc8 25. Rac1 Rxc1 26. Rxc1 Bc6 27. Rg1+ Kf7 28. Bg4 Ng6 29. Bh5 Rf5 30. Bg4 Rf6 31. Rf1 Ke8 32. Kg1 Ne7 33. h3 Kd7 34. Kh2 Bb5 35. Rf2 b6 36. b3 a5 37. a4 Bd3 38. b4 axb4 39. Bxb4 Nc6 40. Bc3 Rf8 41. Bd1 Be4 42. Kg3 Rg8+ 43. Kh2 Ne7 44. a5 bxa5 45. Bxa5 Nf5 46. Ba4+ Ke7 47. Bb4+ Kf7 48. Bc5 h5 49. Bd1 Ng3 50. Bg4 h4 51. Rb2 Ra8 52. Rf2 Ra1 53. Bf3 Bxf3 54. Rxf3 Ra2+ 55. Kg1 Kf6 56. Bd6 Rd2 57. Be5+ Kg6 58. Rf2 Rd1+ 59. Kg2 Nf5 60. Re2 Rd3 61. Kh2 Ng3 62. f5+ exf5 63. Rg2 Rd2 64. Bxg3 hxg3+ 65. Kxg3 Rxd4 66. Kf3+ Kf6 67. Rg8 Rd3+ 68. Kf4 Rxh3 69. Rf8+ Ke6 70. Re8+ Kd6 71. Ra8 Rh1 72. Ra6+ Kc5 73. Ra5+ Kc4 74. Kxf5 Re1 75. Kf4 d4 76. Ra8 d3 77. Rc8+ Kb3 78. Rb8+ Kc2 79. Rc8+ Kd1 80. Ra8 d2 81. Kf3 Kc2 82. Ra2+ Kc3 0-1

[Event "MPN 2025"]
[Site "?"]
[Date "2025.03.19"]
[Round "9"]
[White "Stachanczyk, Jacek"]
[Black "Racis, Michal"]
[Result "1/2-1/2"]
[WhiteElo "2129"]
[BlackElo "2066"]
[PlyCount "40"]
[SourceVersionDate "2025.03.22"]

1. e4 c6 2. d4 d5 3. Nc3 g6 4. Nf3 Bg7 5. h3 dxe4 6. Nxe4 Nf6 7. Nxf6+ exf6 8. Be2 O-O 9. O-O b5 10. a4 b4 11. a5 Re8 12. Bf4 Be6 13. Qd2 Bd5 14. Rfe1 Bf8 15. c4 bxc3 16. bxc3 Nd7 17. c4 Be4 18. Qc3 Bg7 19. Nd2 f5 20. Nxe4 fxe4 1/2-1/2

[Event "MPN 2025"]
[Site "?"]
[Date "2025.03.19"]
[Round "9"]
[White "Czerwonski, Aleksander"]
[Black "Madrawski, Krzysztof"]
[Result "0-1"]
[WhiteElo "2293"]
[BlackElo "2054"]
[PlyCount "62"]
[SourceVersionDate "2025.03.22"]

1. d4 d5 2. c4 dxc4 3. Nf3 Nf6 4. e3 a6 5. a4 e6 6. Bxc4 c5 7. O-O Nc6 8. Qe2 cxd4 9. Rd1 Be7 10. exd4 Nb4 11. Ne5 O-O 12. Nc3 Nfd5 13. Ne4 b6 14. Ra3 f6 15. Nd3 Nc6 16. Ra1 Nxd4 17. Qh5 g6 18. Qh4 Ne2+ 19. Kh1 Nxc1 20. Raxc1 f5 21. Qg3 fxe4 22. Ne5 Bf6 23. Nxg6 hxg6 24. Qxg6+ Bg7 25. Qxe4 Ra7 26. Bd3 Nf6 27. Qc4 Qe8 28. Qb4 Qh5 29. f3 Nd5 30. Qe4 Be5 31. h3 Nf4 0-1